00357 a2200109 4500001000900000005001700009008004100026245006900067100002200136773007200158999001700230ART_339120260410161714.0260409a 10aTrabajo forzado y trabajo libre en el Potosí colonial tardío1 aTandeter, Enrique0 tDesarrollo económicog- Vol. 20, Nº 80 (ene./mar. 1981)wREV1174 c16345d16345